New Perspectives Interdisciplinary Journal of Central & East European Politics and International Relations

Salvato in:
Dettagli Bibliografici
Natura: Periodico
Lingua:inglese
Pubblicazione: London Sage Publishing 2021
Soggetti:
Tags: Aggiungi Tag
Nessun Tag, puoi essere il primo ad aggiungerne!!

MARC

LEADER 00000nas2a2200000 4500
001 0303808
005 20240823123440.5
022 |a 2336-825X 
041 0 |a eng 
044 |a CZ 
245 1 0 |a New Perspectives  |b Interdisciplinary Journal of Central & East European Politics and International Relations 
264 1 |a London  |b Sage Publishing  |c 2021 
773 0 |w eu_un_cat*0237173 
610 2 0 |a vzťahy medzinárodné 
610 2 0 |a politika medzinárodná 
610 2 0 |a politika regionálna 
610 2 0 |a výskum 
610 2 0 |a stredná Európa 
610 2 0 |a východná Európa